Manipur: culture and politics (Record no. 344065)

000 -LEADER
fixed length control field 00377cam a22001337a 4500
008 - FIXED-LENGTH DATA ELEMENTS--GENERAL INFORMATION
fixed length control field 180718b1987 xxu||||| |||| 00| 0 eng d
082 ## - DEWEY DECIMAL CLASSIFICATION NUMBER
Classification number A6x54121 D141
100 ## - MAIN ENTRY--PERSONAL NAME
Personal name Dev, Bimal J.
245 ## - TITLE STATEMENT
Title Manipur: culture and politics
Statement of responsibility, etc. by Bimal J. Dev and Dilip K. Lahiri
260 ## - PUBLICATION, DISTRIBUTION, ETC.
Place of publication, distribution, etc. Delhi
Name of publisher, distributor, etc. Mittal
Date of publication, distribution, etc. 1987
300 ## - PHYSICAL DESCRIPTION
Extent 256p.
650 ## - SUBJECT ADDED ENTRY--TOPICAL TERM
Topical term or geographic name entry element Manipur - History
700 ## - ADDED ENTRY--PERSONAL NAME
Personal name Lahiri, Dilip K.
Holdings
Withdrawn status Lost status Damaged status Not for loan Permanent Location Current Location Date acquired Full call number Barcode Date last seen Price effective from Koha item type
        Indian Institute of Public Administration Indian Institute of Public Administration 1993-10-01 A6x54121 D141 62320 2018-07-21 2018-07-21 Book

Powered by Koha